[Event "Belgrade-chT2 Quality"]
[Site "Belgrade"]
[Date "2022.10.30"]
[Round "7.3"]
[White "Djurasinov, Branislav"]
[Black "Dimitrijevic, Paul"]
[Result "1-0"]
[WhiteElo "2118"]
[BlackElo "1952"]
[PlyCount "63"]
[EventDate "2022.10.15"]
[EventType "team-tourn"]
[EventRounds "13"]
[EventCountry "SRB"]
[SourceTitle "EXT 2024"]
[Source "ChessBase"]
[SourceDate "2023.10.10"]
[SourceVersion "1"]
[SourceVersionDate "2023.10.10"]
[SourceQuality "1"]
[WhiteTeam "Zvezdara Cirilo i Metodije"]
[BlackTeam "Novi Belgrade Technicka"]
[WhiteTeamCountry "SRB"]
[BlackTeamCountry "SRB"]

1. d4 d5 2. Bf4 Nf6 3. e3 e6 4. Nd2 Be7 5. Bd3 0-0 6. Ngf3 c5 7. c3 b6 8. Qe2 a5 9. Bxb8 Rxb8 10. Ne5 Qc7 11. 0-0 Ne8 12. f4 Nd6 13. Kh1 f5 14. g4 b5 15. gxf5 Nxf5 16. Rg1 Bf6 17. Ndf3 b4 18. Rac1 bxc3 19. bxc3 a4 20. Ng4 a3 21. Nxf6+ Rxf6 22. Rc2 Bd7 23. Ne5 Ba4 24. Rd2 cxd4 25. cxd4 Qc3 26. Bxf5 Rxf5 27. Qd3 Rc8 28. Qa6 Rf6 29. Rdg2 Bc2 30. Qxe6+ Rxe6 31. Rxg7+ Kf8 32. Rf7+ 1-0

[Event "Belgrade-chT"]
[Site "Belgrade"]
[Date "2017.10.29"]
[Round "9.4"]
[White "Djurasinov, Branislav"]
[Black "Milenkovic, Aleksandar"]
[Result "1/2-1/2"]
[WhiteElo "2139"]
[BlackElo "2059"]
[PlyCount "79"]
[EventDate "2017.10.01"]
[EventType "team-tourn"]
[EventRounds "11"]
[EventCountry "SRB"]
[SourceTitle "CBM 181 Extra"]
[Source "ChessBase"]
[SourceDate "2017.12.12"]
[SourceVersion "1"]
[SourceVersionDate "2017.12.12"]
[SourceQuality "1"]
[WhiteTeam "Cyril i Metodije"]
[BlackTeam "Vidikovac"]
[WhiteTeamCountry "SRB"]
[BlackTeamCountry "SRB"]

1. d4 e6 2. Nf3 Nf6 3. Bg5 d5 4. e3 c5 5. Nbd2 Nc6 6. c3 h6 7. Bh4 cxd4 8. exd4 Be7 9. Bd3 0-0 10. 0-0 Re8 11. Re1 a6 12. Ne5 Nd7 13. Bxe7 Qxe7 14. f4 Ncxe5 15. fxe5 b5 16. a3 Nb6 17. Bb1 Nc4 18. Qc2 g6 19. Nf3 Bd7 20. h4 h5 21. Qc1 a5 22. b3 Nb6 23. Ng5 Rec8 24. Rf1 Be8 25. g4 hxg4 26. h5 Rxc3 27. Qxc3 Qxg5 28. hxg6 fxg6 29. Qc1 Qxc1 30. Rxc1 a4 31. b4 Nc4 32. Rc3 Kg7 33. Rg3 Rc8 34. Bd3 Nd2 35. Be2 Ne4 36. Rxg4 Rc3 37. Rg2 Ng3 38. Bg4 Kf7 39. Kh2 Ne4 40. Raa2 1/2-1/2

[Event "Belgrade-chT"]
[Site "Belgrade"]
[Date "2016.10.19"]
[Round "11.4"]
[White "Djurasinov, Branislav"]
[Black "Sarenac, David"]
[Result "0-1"]
[WhiteElo "2175"]
[BlackElo "2312"]
[PlyCount "80"]
[EventDate "2016.10.08"]
[EventType "team-tourn"]
[EventRounds "13"]
[EventCountry "SRB"]
[SourceTitle "CBM 175 Extra"]
[Source "ChessBase"]
[SourceDate "2016.12.12"]
[SourceVersion "1"]
[SourceVersionDate "2016.12.12"]
[SourceQuality "1"]
[WhiteTeam "Cyril i Metodije"]
[BlackTeam "Belgrade Sigurnost"]
[WhiteTeamCountry "SRB"]
[BlackTeamCountry "SRB"]

1. d4 g6 2. c3 Bg7 3. Nf3 d6 4. Nbd2 Nd7 5. g3 e5 6. dxe5 dxe5 7. Bg2 Ngf6 8. 0-0 0-0 9. Qc2 Qe7 10. Ne1 Rd8 11. Ne4 Nxe4 12. Bxe4 Nc5 13. Bg2 a5 14. Be3 Bf5 15. Bxc5 Qxc5 16. e4 Be6 17. Nd3 Qb5 18. Rfd1 Rd6 19. b3 Qc6 20. Nb2 Rxd1+ 21. Rxd1 h5 22. h3 Bf6 23. Bf1 b5 24. Qd3 Rb8 25. c4 b4 26. Qe3 Be7 27. Na4 Kg7 28. h4 Rf8 29. Bg2 Kh7 30. Kh2 Bd6 31. f4 Bg4 32. Rd5 exf4 33. gxf4 Be7 34. Kg3 Qf6 35. Rg5 Rd8 36. e5 Qa6 37. Rxg4 hxg4 38. Bd5 Kg7 39. h5 Rh8 40. hxg6 Rh3+ 0-1

[Event "Belgrade-chT"]
[Site "Belgrade"]
[Date "2015.09.29"]
[Round "8.3"]
[White "Savic, Andreja"]
[Black "Djurasinov, Branislav"]
[Result "1-0"]
[WhiteElo "2073"]
[BlackElo "2194"]
[PlyCount "89"]
[EventDate "2015.09.21"]
[EventType "team-tourn"]
[EventRounds "9"]
[EventCountry "SRB"]
[SourceTitle "CBM 168 Extra"]
[Source "ChessBase"]
[SourceDate "2015.10.29"]
[SourceVersion "1"]
[SourceVersionDate "2015.10.29"]
[SourceQuality "1"]
[WhiteTeam "Belgrade"]
[BlackTeam "MZ Cirilo i Metodije"]
[WhiteTeamCountry "SRB"]
[BlackTeamCountry "SRB"]

1. c4 g6 2. Nc3 Bg7 3. g3 d6 4. Bg2 Nc6 5. e3 e5 6. Nge2 Nh6 7. 0-0 Nf5 8. d3 0-0 9. Rb1 a5 10. a3 Bd7 11. b4 axb4 12. axb4 Qc8 13. Nd5 Nce7 14. Nec3 Nxd5 15. Nxd5 Re8 16. b5 Ne7 17. Qc2 Rb8 18. Ba3 b6 19. Rfc1 h5 20. Nb4 Bh3 21. Bh1 Qg4 22. Bb2 Bh6 23. Re1 h4 24. Nd5 Nxd5 25. Bxd5 Re7 26. Ra1 Kh7 27. Qe2 Qg5 28. Ra7 f5 29. Bg2 Bxg2 30. Kxg2 Rf8 31. Qf3 e4 32. Qd1 exd3 33. Qxd3 Qg4 34. h3 Qg5 35. Bc1 hxg3 36. fxg3 f4 37. exf4 Qf6 38. Rxe7+ Qxe7 39. Be3 Rf7 40. Bxb6 Qe6 41. Rxc7 Bg7 42. Rxf7 Qxf7 43. Bd4 Bf8 44. h4 Kg8 45. b6 1-0

[Event "Belgrade-chT"]
[Site "Belgrade"]
[Date "2014.09.25"]
[Round "6.4"]
[White "Kostic, V Vladimir"]
[Black "Djurasinov, Branislav"]
[Result "1/2-1/2"]
[WhiteElo "2243"]
[BlackElo "2193"]
[PlyCount "57"]
[EventDate "2014.09.20"]
[EventType "team-tourn"]
[EventRounds "11"]
[EventCountry "SRB"]
[SourceTitle "CBM 162 Extra"]
[Source "ChessBase"]
[SourceDate "2014.10.17"]
[SourceVersion "1"]
[SourceVersionDate "2014.10.17"]
[SourceQuality "1"]
[WhiteTeam "Romanticari"]
[BlackTeam "Cirilo i Metodije"]
[WhiteTeamCountry "SRB"]
[BlackTeamCountry "SRB"]

1. d4 g6 2. Nf3 Bg7 3. e4 d6 4. c3 a6 5. a4 b6 6. Bg5 Bd7 7. Nbd2 Qc8 8. Be2 Nc6 9. 0-0 f6 10. d5 Nd8 11. Be3 Nh6 12. h3 0-0 13. Nd4 Kh8 14. f4 e5 15. dxe6 Nxe6 16. Bf3 Rb8 17. Nc4 Nf7 18. Qd2 Nc5 19. Qc2 Re8 20. Rfe1 Re7 21. Nd2 Qe8 22. b3 f5 23. Bf2 Nxe4 24. Nxe4 fxe4 25. Rxe4 Rxe4 26. Qxe4 c5 27. Ne2 Qxe4 28. Bxe4 Re8 29. Bf3 1/2-1/2

[Event "Belgrade-chT"]
[Site "Belgrade"]
[Date "2014.09.20"]
[Round "1.1"]
[White "Jovanovic, Sasa T"]
[Black "Djurasinov, Branislav"]
[Result "1-0"]
[WhiteElo "2250"]
[BlackElo "2193"]
[PlyCount "22"]
[EventDate "2014.09.20"]
[EventType "team-tourn"]
[EventRounds "11"]
[EventCountry "SRB"]
[SourceTitle "CBM 162 Extra"]
[Source "ChessBase"]
[SourceDate "2014.10.17"]
[SourceVersion "1"]
[SourceVersionDate "2014.10.17"]
[SourceQuality "1"]
[WhiteTeam "Belgrade"]
[BlackTeam "Cirilo i Metodije"]
[WhiteTeamCountry "SRB"]
[BlackTeamCountry "SRB"]

1. d4 g6 2. e4 Bg7 3. Nf3 d6 4. Nc3 a6 5. b4 Nc6 6. Bc4 e6 7. Bg5 Nge7 8. Bd2 Ng8 9. Bg5 Nce7 10. Bd2 c6 11. 0-0 b6 1-0

[Event "Belgrade-chT Quality"]
[Site "Belgrade"]
[Date "2011.11.02"]
[Round "9"]
[White "Djurasinov, Branislav"]
[Black "Prazic, T Petar"]
[Result "1/2-1/2"]
[WhiteElo "2193"]
[BlackElo "2037"]
[PlyCount "26"]
[EventDate "2011.10.15"]
[EventType "team-swiss"]
[EventRounds "11"]
[EventCountry "SRB"]
[SourceTitle "EXT 2012"]
[Source "ChessBase"]
[SourceDate "2011.11.24"]
[SourceVersion "1"]
[SourceVersionDate "2011.11.24"]
[SourceQuality "1"]

1. d4 d5 2. Nf3 Nf6 3. c3 Bf5 4. Qb3 b6 5. Bf4 e6 6. Nbd2 Bd6 7. e3 0-0 8. Be2 c5 9. 0-0 Qc7 10. Bxd6 Qxd6 11. Ne5 Nc6 12. f4 Ne4 13. Nxe4 Bxe4 1/2-1/2

[Event "Belgrade-chT Quality"]
[Site "Belgrade"]
[Date "2011.10.29"]
[Round "5"]
[White "Djurasinov, Branislav"]
[Black "Ugrcic, Zoran"]
[Result "1-0"]
[WhiteElo "2193"]
[BlackElo "2057"]
[PlyCount "67"]
[EventDate "2011.10.15"]
[EventType "team-swiss"]
[EventRounds "11"]
[EventCountry "SRB"]
[SourceTitle "EXT 2012"]
[Source "ChessBase"]
[SourceDate "2011.11.24"]
[SourceVersion "1"]
[SourceVersionDate "2011.11.24"]
[SourceQuality "1"]

1. d4 f5 2. Nf3 g6 3. c3 Nf6 4. Qb3 c6 5. Bf4 Bg7 6. Nbd2 d5 7. e3 Qb6 8. Ne5 Be6 9. Be2 Nbd7 10. Ndf3 Nxe5 11. Bxe5 h6 12. h4 0-0 13. Rg1 Ng4 14. Bxg7 Kxg7 15. g3 Bf7 16. Qxb6 axb6 17. Ne5 Nxe5 18. dxe5 c5 19. a3 Rfd8 20. Rd1 e6 21. g4 Ra4 22. f4 Be8 23. gxf5 exf5 24. h5 Kh7 25. hxg6+ Bxg6 26. Kf2 Bf7 27. Bb5 Raa8 28. Bd3 Be6 29. Rh1 Rg8 30. Rh5 Rg6 31. Rxf5 Bxf5 32. Bxf5 Kg7 33. Bxg6 Kxg6 34. Rxd5 1-0

[Event "Belgrade op"]
[Site "Belgrade"]
[Date "2009.11.27"]
[Round "4"]
[White "Djurasinov, Branislav"]
[Black "Ivanov, Mikhail M"]
[Result "0-1"]
[WhiteElo "2216"]
[BlackElo "2469"]
[PlyCount "76"]
[EventDate "2009.11.24"]
[EventType "swiss"]
[EventRounds "9"]
[EventCountry "YUG"]
[SourceTitle "CBM 133 Extra"]
[Source "ChessBase"]
[SourceDate "2010.01.05"]
[SourceVersion "1"]
[SourceVersionDate "2010.01.05"]
[SourceQuality "1"]

1. c3 c5 2. g3 d5 3. Bg2 Nf6 4. d3 Nc6 5. Nd2 g6 6. Ngf3 Bg7 7. 0-0 0-0 8. Re1 d4 9. c4 Bf5 10. a3 a5 11. b3 Qd7 12. Ng5 b6 13. Nge4 Ne8 14. f3 h6 15. Nf2 g5 16. a4 Bg6 17. Nf1 f5 18. f4 g4 19. Rb1 Nc7 20. e4 dxe3 21. Nxe3 Rad8 22. Nd5 Nxd5 23. Bxd5+ Bf7 24. Bxc6 Qxc6 25. Bb2 Bf6 26. Qe2 h5 27. h4 Rd6 28. Be5 Rfd8 29. Rbd1 Be6 30. Bxf6 exf6 31. d4 cxd4 32. Nd3 Bc8 33. Kh2 Re6 34. Qg2 Qxg2+ 35. Kxg2 Re3 36. Nc1 Bb7+ 37. Kh2 Rxe1 38. Rxe1 d3 0-1

[Event "Belgrade op"]
[Site "Belgrade"]
[Date "2009.11.24"]
[Round "1"]
[White "Stankovic, Stanoje"]
[Black "Djurasinov, Branislav"]
[Result "0-1"]
[WhiteElo "1714"]
[BlackElo "2216"]
[PlyCount "44"]
[EventDate "2009.11.24"]
[EventType "swiss"]
[EventRounds "9"]
[EventCountry "YUG"]
[SourceTitle "CBM 133 Extra"]
[Source "ChessBase"]
[SourceDate "2010.01.05"]
[SourceVersion "1"]
[SourceVersionDate "2010.01.05"]
[SourceQuality "1"]

1. e4 c6 2. d4 g6 3. Nf3 Bg7 4. Bc4 d5 5. exd5 cxd5 6. Bb3 Nc6 7. c3 Nf6 8. h3 Bf5 9. Nbd2 Bd3 10. Ba4 Qc8 11. Ne5 Ba6 12. Qf3 0-0 13. Bxc6 bxc6 14. Nb3 Ne4 15. Bf4 f6 16. Nd3 e5 17. Be3 Bxd3 18. Bd2 Qa6 19. Qe3 exd4 20. Qf3 Rfe8 21. Kd1 dxc3 22. Bxc3 Be2+ 0-1

[Event "Belgrade-ch"]
[Site "Belgrade"]
[Date "2009.01.27"]
[Round "4"]
[White "Ristic, Slobodan B"]
[Black "Djurasinov, Branislav"]
[Result "0-1"]
[WhiteElo "2106"]
[BlackElo "2202"]
[PlyCount "42"]
[EventDate "2009.01.24"]
[EventType "swiss"]
[EventRounds "9"]
[EventCountry "YUG"]
[SourceTitle "CBM 128 Extra"]
[Source "ChessBase"]
[SourceDate "2009.03.05"]
[SourceVersion "2"]
[SourceVersionDate "2009.03.25"]
[SourceQuality "1"]

1. e4 g6 2. d4 Bg7 3. f4 c6 4. Nc3 d5 5. e5 h5 6. Nf3 Nh6 7. Nh4 Nf5 8. Nxf5 Bxf5 9. Bd3 Bxd3 10. Qxd3 e6 11. Be3 Qb6 12. 0-0-0 Qa6 13. h3 h4 14. Qd2 b5 15. Kb1 Nd7 16. Bf2 Bf8 17. Ne2 Nb6 18. b3 Rb8 19. Ka1 Be7 20. Qc3 Kd7 21. Ng1 Qa3 0-1

[Event "Belgrade Trophy 21st"]
[Site "Obrenovac"]
[Date "2008.11.28"]
[Round "2"]
[White "Todorovic, Goran M"]
[Black "Djurasinov, Branislav"]
[Result "1-0"]
[WhiteElo "2478"]
[BlackElo "2198"]
[PlyCount "115"]
[EventDate "2008.11.27"]
[EventType "swiss"]
[EventRounds "9"]
[EventCountry "YUG"]
[SourceTitle "CBM 127 Extra"]
[Source "ChessBase"]
[SourceDate "2009.01.08"]
[SourceVersion "2"]
[SourceVersionDate "2009.01.28"]
[SourceQuality "1"]

1. e4 c6 2. d4 g6 3. Nc3 Bg7 4. Nf3 d6 5. Bc4 b5 6. Bb3 a6 7. 0-0 h6 8. Re1 e6 9. Bf4 Ne7 10. a4 b4 11. Ne2 a5 12. Ng3 Na6 13. Qe2 Kf8 14. Rad1 Nc7 15. c4 Ba6 16. Qc2 Rc8 17. c5 d5 18. Bd6 Ne8 19. e5 Kg8 20. Qc1 h5 21. Bc2 Bh6 22. Qb1 Ng7 23. Bd3 Ra8 24. h3 Bxd3 25. Qxd3 Nef5 26. Nf1 h4 27. N3h2 Nh5 28. Ng4 Bg5 29. Qf3 Nhg7 30. Nfe3 Nh5 31. Rf1 Ra7 32. Rfe1 Ra8 33. Nf1 Ra7 34. Ngh2 Nhg7 35. Qg4 Nh6 36. Qe2 Nhf5 37. Nf3 Bf4 38. N1h2 Bxh2+ 39. Nxh2 Nh5 40. Qd2 Ra8 41. b3 Ra7 42. Nf3 Nhg7 43. Kh2 Nh5 44. Rg1 Nhg7 45. g4 hxg3+ 46. fxg3 Rb7 47. Rdf1 Rd7 48. Rf2 Qc8 49. g4 Nh6 50. Ng5 Qa6 51. Kg3 Qb7 52. Rgf1 Qa7 53. Kg2 Qb7 54. Rf6 Qa7 55. Rxg6 Nhf5 56. gxf5 fxg6 57. fxe6 Rd8 58. e7 1-0

[Event "Belgrade-chT"]
[Site "Belgrade"]
[Date "2005.10.07"]
[Round "7"]
[White "Krstic, Petar"]
[Black "Djurasinov, Branislav"]
[Result "1-0"]
[WhiteElo "2156"]
[BlackElo "2230"]
[PlyCount "101"]
[EventDate "2005.10.01"]
[EventType "team-tourn"]
[EventRounds "9"]
[EventCountry "YUG"]
[SourceTitle "CBM 108 Extra"]
[Source "ChessBase"]
[SourceDate "2005.11.04"]
[SourceVersion "1"]
[SourceVersionDate "2005.11.04"]
[SourceQuality "1"]

1. e4 e6 2. d4 d5 3. Nd2 Nf6 4. e5 Nfd7 5. Bd3 c5 6. c3 Nc6 7. Ne2 cxd4 8. cxd4 Nb6 9. 0-0 Nb4 10. Bb1 a5 11. Nf3 Be7 12. Nf4 g6 13. Nh3 h6 14. Nf4 a4 15. a3 Nc6 16. Qd3 Na5 17. Bc2 Nac4 18. g4 Kd7 19. b3 axb3 20. Bxb3 Ke8 21. a4 Na5 22. Bc2 Nbc4 23. h3 b6 24. Nxg6 fxg6 25. Qxg6+ Kd7 26. Bxh6 Ba6 27. Rfc1 Qg8 28. Bg7 Rxh3 29. Kg2 Rxf3 30. Kxf3 Nd2+ 31. Kg2 Nab3 32. Rh1 Nxa1 33. Rh8 Qxh8 34. Bxh8 Rxh8 35. Bf5 Bf1+ 36. Kg1 exf5 37. gxf5 Bc4 38. Qe6+ Kd8 39. Qxb6+ Ke8 40. Qc6+ Kf7 41. Qe6+ Kf8 42. Qc8+ Kg7 43. f6+ Kf7 44. Qxh8 Bb4 45. Qg7+ Ke6 46. Qg4+ Kf7 47. Qf5 Nab3 48. e6+ Kf8 49. Qh7 Nf3+ 50. Kh1 Ng5 51. Qh8# 1-0